[Event "Sparkassen-Open B"]
[Site "Heusenstamm, Martinsee"]
[Date "2021.11.18"]
[Round "1.1"]
[White "Schellenberger, Dirk"]
[Black "Koholka, Jan"]
[Result "1-0"]
[WhiteElo "1660"]
[BlackElo "1533"]
[PlyCount "79"]
[EventDate "2021.??.??"]
[WhiteTeam "SC Aschaffenburg"]
[BlackTeam "SK Langen"]

1. Nf3 Nf6 2. c4 c5 3. Nc3 Nc6 4. d4 cxd4 5. Nxd4 g6 6. e4 d6 7. Be2 Bg7 8. Be3
Bd7 9. O-O O-O 10. f3 a6 11. Qd2 Rc8 12. b3 Nxd4 13. Bxd4 Bc6 14. Rfd1 Nd7 15.
Be3 b5 16. Rac1 b4 17. Nd5 Bxd5 18. exd5 a5 19. Bd3 Nc5 20. Bc2 Qc7 21. Qf2 Ra8
22. h4 Rfc8 23. h5 a4 24. h6 Bf6 25. g4 axb3 26. Bxb3 Nxb3 27. axb3 Ra3 28. g5
Bc3 29. Rb1 Qd7 30. Bd4 Qf5 31. Be3 Rca8 32. Qg3 Ra2 33. c5 Re2 34. Bf4 dxc5
35. Qg4 Qc2 36. Rbc1 Qb2 37. d6 Bd4+ 38. Kh1 e5 39. Bg3 Ra2 40. Qc8# 1-0

[Event "Sparkassen-Open B"]
[Site "Heusenstamm, Martinsee"]
[Date "2021.11.18"]
[Round "1.2"]
[White "Wartenberg, Julian"]
[Black "Merges, Harald"]
[Result "0-1"]
[WhiteElo "1531"]
[BlackElo "1781"]
[PlyCount "128"]
[EventDate "2021.??.??"]
[WhiteTeam "Hamburger SK"]
[BlackTeam "SG Reil-Kinheim"]

1. c4 e5 2. g3 Bc5 3. Bg2 a6 4. Nc3 d6 5. e3 c6 6. Nge2 Be6 7. b3 Nf6 8. O-O
Ba7 9. h3 Nbd7 10. Bb2 Qc7 11. d4 O-O 12. d5 Bf5 13. e4 Bg6 14. Nc1 Nc5 15. Re1
Qb6 16. Qd2 Nh5 17. Re2 Nxg3 18. Re3 Nh5 19. dxc6 Qxc6 20. Nd5 Rae8 21. Ne2 Re6
22. Nec3 Qd7 23. Qd1 Qd8 24. Qg4 Nd7 25. Re2 Ndf6 26. Qg5 Nxd5 27. Qxd8 Rxd8
28. Nxd5 Nf6 29. Rc1 Rc8 30. Ba3 Kf8 31. Kf1 Nxd5 32. cxd5 Rxc1+ 33. Bxc1 Rf6
34. Bg5 Bh5 35. Rc2 Bc5 36. Bxf6 gxf6 37. f3 Bg6 38. Ke2 f5 39. Kd3 Ke7 40. a4
a5 41. Kc4 Kf6 42. Kb5 Bb4 43. Kb6 Kg5 44. Kxb7 fxe4 45. fxe4 f5 46. Rc4 Bd2
47. Kc7 fxe4 48. Bxe4 Bxe4 49. Rxe4 Kf5 50. Rh4 e4 51. Kxd6 Bb4+ 52. Kc6 e3 53.
d6 e2 54. d7 Be7 55. Rxh7 e1=Q 56. Rh5+ Kg6 57. Rd5 Qc3+ 58. Kb7 Bd8 59. Rb5
Qc7+ 60. Ka6 Qxd7 61. h4 Qc8+ 62. Ka7 Bxh4 63. Rxa5 Bf2+ 64. Rc5 Bxc5# 0-1

[Event "Sparkassen-Open B"]
[Site "Heusenstamm, Martinsee"]
[Date "2021.11.18"]
[Round "1.3"]
[White "Englert, Fred"]
[Black "Mandalka, Justus"]
[Result "0-1"]
[WhiteElo "1779"]
[BlackElo "1366"]
[PlyCount "86"]
[EventDate "2021.??.??"]
[WhiteTeam "SK Klingenberg"]
[BlackTeam "SK Bad Homburg"]

1. c4 c5 2. g3 g6 3. Bg2 Bg7 4. Nc3 Nc6 5. Nf3 Nf6 6. d4 cxd4 7. Nxd4 O-O 8.
O-O Qb6 9. e3 d6 10. b3 Nd7 11. Nd5 Qd8 12. Bb2 Nde5 13. h3 Nxd4 14. exd4 Nc6
15. Re1 e6 16. Ne3 Qb6 17. Nc2 Rd8 18. Rb1 e5 19. d5 Ne7 20. Qd2 Bf5 21. Kh2
Rf8 22. f4 f6 23. g4 Bxc2 24. Qxc2 a5 25. Ba3 Rac8 26. Qd3 Qc7 27. Bc1 f5 28.
fxe5 dxe5 29. d6 Qd7 30. Bxb7 Qxb7 31. dxe7 Qxe7 32. Qd5+ Kh8 33. Bf4 Rce8 34.
gxf5 Rxf5 35. Be3 e4 36. Qd2 Be5+ 37. Kh1 Qh4 38. Qg2 Rf3 39. Bd2 Rxh3+ 40. Kg1
Rg3 41. Re2 Rxg2+ 42. Rxg2 Bd4+ 43. Kf1 Qh1+ 0-1

[Event "Sparkassen-Open B"]
[Site "Heusenstamm, Martinsee"]
[Date "2021.11.18"]
[Round "1.4"]
[White "Burlutskaia, Maria"]
[Black "Ngo, Quang Thai"]
[Result "0-1"]
[WhiteElo "1415"]
[BlackElo "1779"]
[PlyCount "54"]
[EventDate "2021.??.??"]
[WhiteTeam "TTC Grün-Weiß Fritzdorf"]
[BlackTeam "SV Griesheim"]

1. e4 c5 2. Nc3 e6 3. Bc4 Nc6 4. Nf3 a6 5. a4 Nge7 6. Qe2 Qc7 7. O-O Ng6 8. d3
Bd6 9. g3 h5 10. h4 Nge5 11. Nxe5 Nxe5 12. Bb3 b6 13. f4 Ng4 14. Qf3 Bb7 15.
Nd1 O-O-O 16. c3 f5 17. Bc2 g5 18. fxg5 fxe4 19. dxe4 Rdf8 20. Bf4 e5 21. g6
Rhg8 22. Nf2 Rxg6 23. Qd3 exf4 24. Rad1 Ne5 25. Qe2 Rxg3+ 26. Kh1 Qd8 27. Qxh5
Rh8 0-1

[Event "Sparkassen-Open B"]
[Site "Heusenstamm, Martinsee"]
[Date "2021.11.18"]
[Round "1.5"]
[White "Keymer, Cecilia"]
[Black "Ghaznavi, Massoud"]
[Result "1-0"]
[WhiteElo "1634"]
[BlackElo "1510"]
[PlyCount "79"]
[EventDate "2021.??.??"]
[WhiteTeam "SK Gau-Algesheim"]
[BlackTeam "SV Oberursel"]

1. d4 d5 2. c4 e6 3. Nc3 Nf6 4. cxd5 exd5 5. Bg5 Be6 6. e3 Be7 7. Bd3 Nbd7 8.
h3 c6 9. Qc2 O-O 10. Nf3 h6 11. Bf4 Rc8 12. O-O c5 13. Rac1 c4 14. Bf5 Bxf5 15.
Qxf5 g6 16. Qc2 Kg7 17. Ne5 Nb6 18. Bh2 Nfd7 19. f4 Bf6 20. Rcd1 h5 21. Qe2 Rh8
22. Qf3 Qe8 23. Nxd5 Bxe5 24. fxe5 Nxd5 25. Qxd5 Rc6 26. Rf3 Nb6 27. Qe4 f5 28.
exf6+ Kf7 29. Qc2 Nd5 30. Be5 b5 31. a3 Re6 32. e4 Nxf6 33. Rdf1 Rxe5 34. Rxf6+
Kg7 35. dxe5 Qxe5 36. Rf7+ Kg8 37. Rf8+ Kg7 38. R1f7+ Kh6 39. Rxh8+ Qxh8 40.
Qd2+ 1-0

[Event "Sparkassen-Open B"]
[Site "Heusenstamm, Martinsee"]
[Date "2021.11.18"]
[Round "1.6"]
[White "Kuchta, Maksim"]
[Black "Bardorz, Christoph"]
[Result "0-1"]
[WhiteElo "1490"]
[BlackElo "1764"]
[PlyCount "33"]
[EventDate "2021.??.??"]
[WhiteTeam "SC Heusenstamm"]
[BlackTeam "TSV Rottendorf"]

1. e4 e5 2. Nf3 Nc6 3. d4 exd4 4. Nxd4 Bc5 5. Be3 Qf6 6. c3 Nge7 7. Bc4 Ne5 8.
Be2 Qg6 9. f4 Qxe4 10. Qd2 Nd5 11. fxe5 Qxe3 12. Rf1 O-O 13. Kd1 Qxe5 14. Rf5
Ne3+ 15. Kc1 Nxf5 16. Nxf5 Qxf5 17. Na3 0-1

[Event "Sparkassen-Open B"]
[Site "Heusenstamm, Martinsee"]
[Date "2021.11.18"]
[Round "1.7"]
[White "Tojcic, Josip"]
[Black "Margraf, Dieter"]
[Result "1-0"]
[WhiteElo "1756"]
[BlackElo "1482"]
[PlyCount "67"]
[EventDate "2021.??.??"]
[WhiteTeam "VL Frankfurt"]
[BlackTeam "SC Sulzbach-Rosenberg"]

1. d4 d5 2. Bf4 Bf5 3. Nd2 e6 4. Ngf3 Bd6 5. Bg5 Nf6 6. e3 h6 7. Bh4 O-O 8. Ne5
Nbd7 9. Ndf3 Be7 10. Bd3 Ne4 11. Nxd7 Qxd7 12. Ne5 Qe8 13. Bxe7 Qxe7 14. O-O f6
15. Bxe4 Bxe4 16. Nd3 b6 17. c3 Qd7 18. f3 Bh7 19. Nf2 c5 20. dxc5 bxc5 21. e4
Rfe8 22. exd5 exd5 23. Qd2 Rad8 24. Rad1 Kh8 25. Nh3 Re5 26. Rfe1 d4 27. Kf2
Rd5 28. c4 Rd6 29. Nf4 Kg8 30. Nd5 Re8 31. Qa5 Rc6 32. Qb5 a6 33. Rxe8+ Qxe8
34. Qxc6 1-0

[Event "Sparkassen-Open B"]
[Site "Heusenstamm, Martinsee"]
[Date "2021.11.18"]
[Round "1.8"]
[White "de Boer, Alex"]
[Black "Michalski, Uwe"]
[Result "1/2-1/2"]
[WhiteElo "1213"]
[BlackElo "1753"]
[PlyCount "62"]
[EventDate "2021.??.??"]
[WhiteTeam "SK Bickenbach"]
[BlackTeam "SF Mainz"]

1. e4 d5 2. exd5 Nf6 3. d4 Nxd5 4. c4 Nf6 5. Nc3 b6 6. Nf3 Bb7 7. Be2 e6 8. b3
Bd6 9. O-O Nc6 10. Bb2 O-O 11. Re1 Ne7 12. Ne5 Nf5 13. Nb5 Be7 14. Rc1 a6 15.
Na3 Nxd4 16. Bxd4 Bxa3 17. Rc2 Qe7 18. Bf3 Bxf3 19. Qxf3 Nd7 20. Nc6 Qd6 21.
Rd1 e5 22. Bb2 Qg6 23. Rcd2 e4 24. Bxa3 Qxc6 25. Qh3 Nc5 26. b4 Nd3 27. b5 Qxc4
28. Bxf8 Rxf8 29. bxa6 Qxa6 30. Qe3 Qc4 31. f3 f5 1/2-1/2

[Event "Sparkassen-Open B"]
[Site "Heusenstamm, Martinsee"]
[Date "2021.11.18"]
[Round "1.9"]
[White "Bauer, Ottmar"]
[Black "Huang, Luca Hanson"]
[Result "1-0"]
[WhiteElo "1750"]
[BlackElo "1429"]
[PlyCount "45"]
[EventDate "2021.??.??"]
[WhiteTeam "TSV Rottendorf"]
[BlackTeam "SK Frankenthal"]

1. e4 c5 2. Nf3 e6 3. d4 cxd4 4. Nxd4 a6 5. c4 Nf6 6. Bd3 Qc7 7. Qe2 e5 8. Nf5
Nc6 9. Bg5 Ng8 10. Nc3 h6 11. Nd5 Qa5+ 12. Bd2 Qd8 13. Bc3 d6 14. b4 Bxf5 15.
exf5 Nge7 16. f6 Nxd5 17. cxd5 Nb8 18. fxg7 Bxg7 19. O-O O-O 20. f4 Qh4 21.
fxe5 dxe5 22. g3 Qh3 23. Bf5 1-0

[Event "Sparkassen-Open B"]
[Site "Heusenstamm, Martinsee"]
[Date "2021.11.18"]
[Round "1.10"]
[White "Wolff, Calvin"]
[Black "Bigott, Martin"]
[Result "0-1"]
[WhiteElo "1425"]
[BlackElo "1745"]
[PlyCount "94"]
[EventDate "2021.??.??"]
[WhiteTeam "Heilbronner SV"]
[BlackTeam "SK Köln-Südwest"]

1. e4 Nf6 2. e5 Nd5 3. Bc4 Nb6 4. Bb3 c5 5. c3 c4 6. Bc2 Nc6 7. Nf3 d6 8. exd6
Qxd6 9. O-O Bg4 10. h3 Bh5 11. d4 cxd3 12. Bxd3 O-O-O 13. Be2 Qxd1 14. Rxd1
Rxd1+ 15. Bxd1 e5 16. Be3 e4 17. g4 Bg6 18. Nd4 h5 19. g5 Nc4 20. Bf4 Nxb2 21.
Be2 Nd3 22. Bxd3 exd3 23. Nd2 Kd7 24. Rb1 b6 25. Rb5 Bc5 26. N4b3 Ba3 27. Nc4
Be7 28. a4 Rc8 29. a5 bxa5 30. Rb7+ Ke8 31. Bd6 Bxg5 32. Ba3 Bf4 33. Nbd2 Rb8
34. Rxb8+ Nxb8 35. Bd6 Bxd6 36. Nxd6+ Kd7 37. N6c4 Nc6 38. f4 Ke6 39. Kf2 f6
40. Ke3 a4 41. Nf3 Kd5 42. Na3 Na5 43. Nd4 Nc4+ 44. Nxc4 Kxc4 45. f5 Bxf5 46.
Nxf5 a3 47. Kd2 a2 0-1

[Event "Sparkassen-Open B"]
[Site "Heusenstamm, Martinsee"]
[Date "2021.11.18"]
[Round "1.11"]
[White "Steinke, Hans-Jörg"]
[Black "Kuran, Rainer"]
[Result "1-0"]
[WhiteElo "1745"]
[BlackElo "1461"]
[PlyCount "45"]
[EventDate "2021.??.??"]
[WhiteTeam "SV Erkenschwick"]
[BlackTeam "Karlsruher SF"]

1. d4 Nf6 2. c4 e6 3. Nf3 d5 4. Nc3 Bb4 5. cxd5 exd5 6. a3 Bxc3+ 7. bxc3 O-O 8.
e3 Bf5 9. Bd3 Ne4 10. Qc2 Re8 11. O-O Nd7 12. c4 c6 13. cxd5 cxd5 14. Qb3 Nb6
15. a4 Rb8 16. Bb5 Re6 17. a5 a6 18. Be2 Nc8 19. Ne5 b5 20. f3 Nf6 21. g4 Bg6
22. Bd2 Nd6 23. Nc6 1-0

[Event "Sparkassen-Open B"]
[Site "Heusenstamm, Martinsee"]
[Date "2021.11.18"]
[Round "1.12"]
[White "Alt, Johannes"]
[Black "Jordake, Michael"]
[Result "1/2-1/2"]
[WhiteElo "1283"]
[BlackElo "1744"]
[PlyCount "50"]
[EventDate "2021.??.??"]
[WhiteTeam "SF Heidesheim"]
[BlackTeam "SC Bergen-Enkheim"]

1. d4 Nf6 2. Nf3 e6 3. Bf4 b6 4. e3 Bb7 5. c4 Be7 6. Nc3 Ne4 7. Bd3 Nxc3 8.
bxc3 O-O 9. O-O d6 10. Qe2 Nd7 11. Rfd1 f5 12. h3 Bf6 13. e4 fxe4 14. Bxe4 d5
15. Bd3 Re8 16. Re1 c5 17. cxd5 Bxd5 18. Qc2 Nf8 19. dxc5 Bxf3 20. gxf3 Rc8 21.
Bb5 Rxc5 22. Bxe8 Qxe8 23. Re3 Qh5 24. Bd6 Rg5+ 25. Kh2 Qf7 1/2-1/2

[Event "Sparkassen-Open B"]
[Site "Heusenstamm, Martinsee"]
[Date "2021.11.18"]
[Round "1.13"]
[White "Wartenberg, Alexander"]
[Black "Özyar, Arin"]
[Result "1-0"]
[WhiteElo "1405"]
[BlackElo "1334"]
[PlyCount "55"]
[EventDate "2021.??.??"]
[WhiteTeam "Hamburger SK"]
[BlackTeam "SC Bad Soden"]

1. e4 e5 2. Nf3 Nc6 3. d4 exd4 4. Nxd4 Bc5 5. Be3 Qf6 6. c3 Nge7 7. Bb5 a6 8.
Ba4 b5 9. Bb3 O-O 10. Nxc6 Qxc6 11. Bxc5 Qxc5 12. O-O Ng6 13. Nd2 Bb7 14. Bc2
Rfe8 15. Nb3 Qe7 16. Re1 d6 17. Nd4 Ne5 18. Nf5 Qg5 19. Re3 g6 20. Rg3 Qf4 21.
Qd4 Kf8 22. Ne3 Re7 23. Rd1 Rd8 24. b3 c5 25. Qd2 Bxe4 26. Bxe4 Qxe4 27. Nd5
Red7 28. Qh6+ 1-0

[Event "Sparkassen-Open B"]
[Site "Heusenstamm, Martinsee"]
[Date "2021.11.18"]
[Round "1.14"]
[White "Rotärmel, Leonie"]
[Black "Bengsch, Norbert"]
[Result "0-1"]
[WhiteElo "1389"]
[BlackElo "1716"]
[PlyCount "134"]
[EventDate "2021.??.??"]
[WhiteTeam "SV Oberursel"]
[BlackTeam "SG Donautal Tuttlingen"]

1. e4 c5 2. Nf3 Nc6 3. d4 cxd4 4. Nxd4 Nf6 5. Nc3 e6 6. Be2 Bb4 7. f3 d5 8.
Nxc6 bxc6 9. Bd2 O-O 10. exd5 exd5 11. O-O a5 12. Bd3 h6 13. a3 Bd6 14. Qe1 Nh5
15. Ne2 Re8 16. Qf2 Bc7 17. Be3 Rb8 18. Bd4 Nf4 19. Nxf4 Bxf4 20. Rfe1 Be6 21.
Re2 Qc7 22. Qh4 Bd6 23. b3 c5 24. Be3 Be7 25. Bf4 Bd6 26. Bxd6 Qxd6 27. a4 Bd7
28. Rae1 Rxe2 29. Rxe2 Re8 30. Rxe8+ Bxe8 31. Qe1 Qd8 32. Qc3 Qc7 33. Qe1 Kf8
34. Qc3 f6 35. Bf5 d4 36. Qc4 Qe5 37. Be4 f5 38. Qd5 Qxd5 39. Bxd5 f4 40. Kf2
Ke7 41. Ke2 Kd6 42. Be4 Bf7 43. Bd3 g5 44. Ba6 Be6 45. Bd3 Ke5 46. Ba6 h5 47.
Kf2 d3 48. Bxd3 Kd4 49. Bg6 Kc3 50. Ke2 h4 51. h3 c4 52. bxc4 Bxc4+ 53. Bd3 Be6
54. Kd1 Kb4 55. Bb5 Bc4 56. Bxc4 Kxc4 57. Kd2 Kb4 58. Kd3 Kxa4 59. c4 Kb4 60.
Kd4 a4 61. c5 a3 62. c6 a2 63. Ke5 a1=Q+ 64. Kf5 Qg7 65. c7 Qxc7 66. Kxg5 Qf7
67. Kxh4 Qf5 0-1

[Event "Sparkassen-Open B"]
[Site "Heusenstamm, Martinsee"]
[Date "2021.11.18"]
[Round "1.15"]
[White "Schwenk, Stefan"]
[Black "Nimrichter, Christian"]
[Result "0-1"]
[WhiteElo "1719"]
[BlackElo "1446"]
[PlyCount "94"]
[EventDate "2021.??.??"]
[WhiteTeam "SK Geisenheim"]
[BlackTeam "VSG Offenbach"]

1. c4 e5 2. g3 f5 3. e3 Nf6 4. Bg2 d5 5. cxd5 Nxd5 6. a3 Nc6 7. Ne2 Be6 8. Nbc3
Qd7 9. b4 h5 10. h4 O-O-O 11. Qa4 Nb6 12. Qc2 e4 13. Bb2 Nc4 14. Rd1 Qd3 15.
Qc1 Rg8 16. Nf4 Qd7 17. Nxe6 Qxe6 18. Ne2 N6e5 19. Nf4 Qa6 20. O-O Nd3 21. Nxd3
Rxd3 22. Rfe1 Nxb2 23. Qxb2 Bd6 24. Ra1 Qc4 25. Rab1 Qe6 26. Bf1 Be5 27. Qc2
Rd7 28. Bc4 Qc6 29. Qb3 Re8 30. Red1 Qf6 31. d4 Bd6 32. Kg2 g6 33. a4 Rg7 34.
Be2 Rh8 35. Bc4 g5 36. Be6+ Kd8 37. hxg5 Qxg5 38. Kf1 h4 39. Ke2 hxg3 40. Rg1
Rh2 41. Rbf1 g2 42. Re1 Qh5+ 43. Kd2 Rh1 44. Qd1 Bxb4+ 45. Kc2 Bxe1 46. Qxe1
Rxg1 47. Qb4 Qd1+ 0-1

[Event "Sparkassen-Open B"]
[Site "Heusenstamm, Martinsee"]
[Date "2021.11.18"]
[Round "1.16"]
[White "Ziegler, Christopher"]
[Black "Markosyan, Aleksandr"]
[Result "0-1"]
[WhiteElo "1443"]
[BlackElo "1716"]
[PlyCount "84"]
[EventDate "2021.??.??"]
[WhiteTeam "SV Kelsterbach"]
[BlackTeam "SG Idstein"]

1. e4 c5 2. Bc4 Nc6 3. Nc3 g6 4. f4 Bg7 5. Nf3 d6 6. O-O Nf6 7. d3 O-O 8. Qe1
a6 9. f5 b5 10. Bb3 Qb6 11. Bxf7+ Rxf7 12. fxg6 hxg6 13. Ng5 Rf8 14. Qh4 c4+
15. Kh1 e6 16. e5 Nxe5 17. Nce4 Ra7 18. Qh3 d5 19. Be3 d4 20. Bf4 Neg4 21. Bd6
Re8 22. Bc5 Qc7 23. Bxa7 Qxa7 24. Nd6 e5 25. Nxe8 Nf2+ 26. Rxf2 Bxh3 27. Nxf6+
Bxf6 28. Rxf6 Bf5 29. Rf1 Qe7 30. Ne4 Qb4 31. a3 Qxb2 32. g4 Bxe4+ 33. dxe4
Qxc2 34. g5 Qxe4+ 35. Kg1 Qa8 36. Rxg6+ Kh7 37. Re6 e4 38. g6+ Kg8 39. Rf4 Qd5
40. Rexe4 d3 41. Rg4 d2 42. Rd4 d1=Q+ 0-1

[Event "Sparkassen-Open B"]
[Site "Heusenstamm, Martinsee"]
[Date "2021.11.18"]
[Round "1.17"]
[White "Reinhold, Günther"]
[Black "Laux, Filip"]
[Result "1/2-1/2"]
[WhiteElo "1716"]
[BlackElo "1320"]
[PlyCount "71"]
[EventDate "2021.??.??"]
[WhiteTeam "Frankfurter TV"]
[BlackTeam "VSG Offenbach"]

1. e4 c6 2. d4 d5 3. Nc3 dxe4 4. Nxe4 Bf5 5. Ng3 Bg6 6. h4 h6 7. Nf3 Nd7 8. h5
Bh7 9. Bd3 Bxd3 10. Qxd3 Ngf6 11. Bd2 e6 12. O-O-O Qc7 13. Ne4 Nxe4 14. Qxe4
Nf6 15. Qe2 Bd6 16. g3 Rd8 17. Kb1 O-O 18. Ne5 c5 19. g4 cxd4 20. f4 Nh7 21.
Nd3 Rfe8 22. g5 hxg5 23. fxg5 e5 24. Qe4 Qc6 25. Qh4 e4 26. g6 exd3 27. gxh7+
Kxh7 28. cxd3 Be7 29. Qf4 Qd6 30. Qxf7 Rf8 31. Qb3 Rd7 32. h6 g6 33. Rdf1 Qd5
34. Qxd5 Rxd5 35. Rxf8 Bxf8 36. Kc2 1/2-1/2

[Event "Sparkassen-Open B"]
[Site "Heusenstamm, Martinsee"]
[Date "2021.11.18"]
[Round "1.18"]
[White "Brunner, Andreas"]
[Black "Wartenberg, Alissa"]
[Result "0-1"]
[WhiteElo "1435"]
[BlackElo "1586"]
[PlyCount "94"]
[EventDate "2021.??.??"]
[WhiteTeam "Berkershm"]
[BlackTeam "Hamburger SK"]

1. Nf3 d5 2. c4 c6 3. cxd5 cxd5 4. d4 Nc6 5. g3 Nf6 6. Bg2 Bf5 7. O-O e6 8. a3
Bd6 9. Nc3 a6 10. Re1 O-O 11. Bg5 Be7 12. Rc1 h6 13. Bxf6 Bxf6 14. e3 Na5 15.
e4 Bg6 16. e5 Be7 17. Nd2 Qb6 18. b4 Qxd4 19. bxa5 Bxa3 20. Nb3 Qxd1 21. Nxd1
Bxc1 22. Nxc1 Rab8 23. Bf1 b6 24. Bd3 Bxd3 25. Nxd3 bxa5 26. Ne3 Rfc8 27. Ra1
Rb5 28. Ng2 Rc4 29. Ne3 Rc3 30. Nf4 d4 31. Ne2 Rd3 32. Nc4 Rdb3 33. Kg2 Rb1 34.
Ra3 Rd1 35. Nf4 Rc5 36. Nb2 Rd2 37. Nbd3 Rb5 38. Ne1 Rd1 39. Nfd3 Rbb1 40. Kf1
Ra1 41. Rxa1 Rxa1 42. Ke2 a4 43. Kd2 Rb1 44. Kc2 Rb6 45. Nc1 a3 46. Nb3 a2 47.
Na1 Rb1 0-1

[Event "Sparkassen-Open B"]
[Site "Heusenstamm, Martinsee"]
[Date "2021.11.18"]
[Round "1.19"]
[White "Lasschuit, Rene"]
[Black "Gräf, Kilian Gabriel"]
[Result "1-0"]
[WhiteElo "1665"]
[BlackElo "1434"]
[PlyCount "73"]
[EventDate "2021.??.??"]
[WhiteTeam "SV Berolina Mitte"]
[BlackTeam "SV Frankfurt Nord"]

1. c4 Nf6 2. g3 g6 3. Bg2 Bg7 4. Nc3 O-O 5. d3 d6 6. e4 c6 7. Nge2 Nbd7 8. O-O
Re8 9. f4 e6 10. h3 e5 11. f5 Nf8 12. g4 a6 13. Ng3 b5 14. Be3 Rb8 15. cxb5
axb5 16. b4 d5 17. exd5 Nxd5 18. Nxd5 cxd5 19. Rc1 d4 20. Bd2 Bb7 21. Ne4 Bh8
22. Qb3 Re7 23. Bg5 Bxe4 24. Bxe7 Qxe7 25. Bxe4 Bg7 26. Rc2 Bh6 27. Bd5 Be3+
28. Kh1 Kh8 29. f6 Qd7 30. Bxf7 Rd8 31. Rc5 h5 32. Rxe5 hxg4 33. Bxg6 Nh7 34.
Rh5 Qc6+ 35. Be4 Qxe4+ 36. dxe4 Rg8 37. Qf7 1-0

[Event "Sparkassen-Open B"]
[Site "Heusenstamm, Martinsee"]
[Date "2021.11.18"]
[Round "1.20"]
[White "Spelleken, Mark"]
[Black "John, Volkmar"]
[Result "1/2-1/2"]
[WhiteElo "1434"]
[BlackElo "1693"]
[PlyCount "53"]
[EventDate "2021.??.??"]
[WhiteTeam "SC Kahl"]
[BlackTeam "SK Herborn"]

1. d4 Nf6 2. c4 e6 3. Bg5 d5 4. e3 Be7 5. Nc3 Nbd7 6. Nf3 O-O 7. Qc2 b6 8. cxd5
exd5 9. Ne5 Bb7 10. Nb5 Nxe5 11. dxe5 Ne4 12. Bxe7 Qxe7 13. f3 Qh4+ 14. g3 Nxg3
15. Rg1 Nf5+ 16. Qf2 Qxf2+ 17. Kxf2 c5 18. Bd3 Bc6 19. Nc7 Rac8 20. Nxd5 Bxd5
21. Bxf5 Rcd8 22. b3 Bb7 23. Rad1 Bc6 24. e6 fxe6 25. Bxe6+ Kh8 26. Rxd8 Rxd8
27. Ke2 1/2-1/2

[Event "Sparkassen-Open B"]
[Site "Heusenstamm, Martinsee"]
[Date "2021.11.18"]
[Round "1.21"]
[White "Raghavan, Badrinarayanan"]
[Black "Akhmatovski, Maxim"]
[Result "0-1"]
[WhiteElo "1693"]
[BlackElo "1359"]
[PlyCount "64"]
[EventDate "2021.??.??"]
[WhiteTeam "SK Gießen"]
[BlackTeam "SV Oberursel"]

1. c4 e5 2. Nc3 Nc6 3. g3 f5 4. d3 Nf6 5. Bg2 Bc5 6. Na4 Bb4+ 7. Nc3 Bxc3+ 8.
bxc3 d6 9. e3 O-O 10. Qb3 Kh8 11. Ne2 Ne7 12. O-O Qe8 13. Ba3 Qh5 14. Rfe1 e4
15. Nf4 Qh6 16. c5 Ng4 17. h3 Ne5 18. dxe4 fxe4 19. Bxe4 g5 20. cxd6 cxd6 21.
Bg2 gxf4 22. exf4 N5c6 23. Rad1 Rd8 24. c4 Bxh3 25. c5 d5 26. Qxb7 Rab8 27. Qc7
Rd7 28. Rxe7 Rxc7 29. Rxc7 Bxg2 30. Kxg2 Qe6 31. Rh1 Qe4+ 32. Kg1 Rb1+ 0-1

[Event "Sparkassen-Open B"]
[Site "Heusenstamm, Martinsee"]
[Date "2021.11.18"]
[Round "1.22"]
[White "Kanno, Clara Yumi"]
[Black "Stosberg, Marc"]
[Result "0-1"]
[WhiteElo "1178"]
[BlackElo "1692"]
[PlyCount "100"]
[EventDate "2021.??.??"]
[WhiteTeam "SK Altenkirchen"]
[BlackTeam "Sfr. Mörfelden"]

1. e4 c6 2. d4 d5 3. e5 c5 4. c3 Nc6 5. Nf3 Bg4 6. Be2 e6 7. O-O Qb6 8. dxc5
Bxc5 9. b4 Bf8 10. Bf4 Nge7 11. b5 Bxf3 12. bxc6 Bxe2 13. cxb7 Qxb7 14. Qxe2
Ng6 15. Bg3 Rc8 16. Rc1 Be7 17. Nd2 Ba3 18. Rcb1 Qc6 19. Rb3 Bc5 20. Rab1 O-O
21. Nf3 Bb6 22. h3 Rc7 23. Nd4 Qa4 24. Rb4 Qd7 25. Qd3 Ba5 26. R4b3 Rfc8 27.
Nb5 Rc5 28. Ra3 Bb6 29. Rab3 Ne7 30. Kh1 Nf5 31. Bh2 Qc6 32. g4 d4+ 33. f3 Rxb5
34. Rxb5 Nh4 35. Rf1 dxc3 36. Rbb1 Qa4 37. Bg3 Ng6 38. Qe2 c2 39. Rbc1 Qxa2 40.
Qd3 Qb2 41. h4 Ne7 42. Qd2 Nd5 43. Rfe1 Qb3 44. Qe2 Be3 45. Qa6 Rc7 46. Qd6 Rc8
47. Qa6 Qc3 48. Rxe3 Nxe3 49. Qxa7 Qd2 50. Qb7 Qg2# 0-1

[Event "Sparkassen-Open B"]
[Site "Heusenstamm, Martinsee"]
[Date "2021.11.18"]
[Round "1.23"]
[White "Spelleken, Hans-Gerd"]
[Black "Jansen, Malte"]
[Result "1-0"]
[WhiteElo "1691"]
[BlackElo "1427"]
[PlyCount "63"]
[EventDate "2021.??.??"]
[WhiteTeam "SC Kahl"]
[BlackTeam "SC Herborn"]

1. Nf3 Nc6 2. d4 d5 3. c4 e6 4. Nbd2 Nf6 5. e3 Be7 6. Bd3 O-O 7. O-O b6 8. Re1
Bb7 9. a3 a5 10. Nf1 Qd6 11. Ng3 Rad8 12. Bd2 Rfe8 13. Qc2 dxc4 14. Bxc4 h6 15.
Rac1 Bc8 16. Bc3 Nd5 17. Bd2 Bf6 18. e4 Bxd4 19. exd5 exd5 20. Rxe8+ Rxe8 21.
Bb5 Bd7 22. Bxc6 Bxf2+ 23. Kxf2 Bxc6 24. Nf5 Qf6 25. Bc3 Qg6 26. Ne5 Qe6 27.
Re1 f6 28. Ng4 Qd7 29. Rxe8+ Qxe8 30. Bxf6 Qh5 31. Bxg7 Bd7 32. Ngxh6+ 1-0

[Event "Sparkassen-Open B"]
[Site "Heusenstamm, Martinsee"]
[Date "2021.11.18"]
[Round "1.24"]
[White "Schmidt, Moritz"]
[Black "Köberl, Christiane"]
[Result "0-1"]
[WhiteElo "1425"]
[BlackElo "1680"]
[PlyCount "96"]
[EventDate "2021.??.??"]
[WhiteTeam "SVG Plettenberg"]
[BlackTeam "VL Sulzbach"]

1. e4 c6 2. d4 d5 3. exd5 cxd5 4. c4 Nf6 5. Nc3 Nc6 6. Nf3 Bg4 7. Be2 a6 8. Bg5
dxc4 9. Bxf6 exf6 10. Bxc4 Bd6 11. O-O O-O 12. d5 Ne5 13. Be2 Re8 14. Nxe5 Bxe2
15. Qxe2 Rxe5 16. Qd3 Rh5 17. g3 Qd7 18. Qf3 Rh6 19. Rfe1 Bb4 20. Re2 Rd8 21.
Rae1 Kf8 22. a3 Bd6 23. Ne4 Be5 24. Nc5 Qh3 25. Nxb7 Qxh2+ 26. Kf1 Qh1+ 27.
Qxh1 Rxh1+ 28. Kg2 Rxe1 29. Rxe1 Rxd5 30. b4 Rd2 31. Nc5 Ra2 32. Re3 Rd2 33.
Nxa6 Bd4 34. Rf3 Ke7 35. Kf1 Kd6 36. Ke1 Ra2 37. Rd3 Ke5 38. Nc5 Bxf2+ 39. Kd1
Bd4 40. Nd7+ Ke4 41. Rb3 h5 42. b5 Kd5 43. b6 Ra1+ 44. Kc2 Rg1 45. b7 Rg2+ 46.
Kd1 Rg1+ 47. Ke2 Rg2+ 48. Kf3 Rf2# 0-1

[Event "Sparkassen-Open B"]
[Site "Heusenstamm, Martinsee"]
[Date "2021.11.18"]
[Round "1.25"]
[White "Spreer, Lutz"]
[Black "Gärtner, Johannes"]
[Result "1/2-1/2"]
[WhiteElo "1626"]
[BlackElo "1354"]
[PlyCount "114"]
[EventDate "2021.??.??"]
[WhiteTeam "1. Burgstädter SK 1914"]
[BlackTeam "SF Mainz"]

1. e4 e6 2. d4 d5 3. Nc3 Bb4 4. e5 c5 5. Nf3 Nc6 6. a3 Qa5 7. Bd2 Bxc3 8. Bxc3
Qb6 9. Rb1 a5 10. Be2 Nge7 11. O-O Nf5 12. dxc5 Qxc5 13. b4 axb4 14. Bxb4 Nxb4
15. axb4 Qc3 16. Rb3 Qc7 17. Bd3 Ne7 18. b5 b6 19. Qe2 Bb7 20. Nd4 h6 21. f4
Qc5 22. Qf2 Ra4 23. Nc6 Qxf2+ 24. Rxf2 Kd7 25. f5 exf5 26. Nxe7 Kxe7 27. Bxf5
Rd8 28. Rc3 Rc4 29. Ra3 Ra8 30. Rff3 Raa4 31. Rfc3 Rxa3 32. Rxa3 Bc8 33. Ra7+
Ke8 34. Ra8 Kd8 35. e6 fxe6 36. Bxe6 Rxc2 37. Bxd5 Kd7 38. Bc6+ Kd8 39. Ra7 g6
40. Rg7 Bf5 41. Rb7 Rb2 42. Rxb6 Bd3 43. Rb7 Kc8 44. b6 Ba6 45. Rg7 Rxb6 46.
Rxg6 Kc7 47. Be4 Rxg6 48. Bxg6 Kd6 49. g4 Ke5 50. h4 Kf4 51. g5 hxg5 52. h5 Bc4
53. h6 Bg8 54. Bf7 Bh7 55. Kg2 g4 56. Be6 Kg5 57. Kg3 Kxh6 1/2-1/2

[Event "Sparkassen-Open B"]
[Site "Heusenstamm, Martinsee"]
[Date "2021.11.18"]
[Round "1.26"]
[White "Boll, Nils"]
[Black "Lorenz, Alexander"]
[Result "0-1"]
[WhiteElo "1406"]
[BlackElo "1667"]
[PlyCount "80"]
[EventDate "2021.??.??"]
[WhiteTeam "SV Großauheim"]
[BlackTeam "SV Bergwinkel"]

1. d4 Nf6 2. c4 g6 3. Nc3 Bg7 4. e4 d6 5. Nf3 O-O 6. Be2 c5 7. d5 e6 8. O-O
exd5 9. exd5 Re8 10. Re1 a6 11. a4 Nbd7 12. Bf4 Ne5 13. Nxe5 dxe5 14. Be3 Nd7
15. Ne4 b6 16. Rb1 f5 17. Ng5 Nf6 18. Nf3 f4 19. Bc1 e4 20. Nd2 Qe7 21. Nf1 g5
22. Bd2 Qd6 23. Bc3 Bf5 24. Rc1 e3 25. fxe3 fxe3 26. Bh5 Nxh5 27. Qxh5 Qf4 28.
Bxg7 Kxg7 29. Qf3 Bg4 30. Qxf4 gxf4 31. h3 Bh5 32. g4 Bg6 33. Nh2 h5 34. Nf3
Rg8 35. Ng5 hxg4 36. hxg4 Kf6 37. Ne6 Bf5 38. g5+ Ke5 39. Kf1 Bxe6 40. dxe6
Kxe6 0-1